Engineering Drawing Plane and Soil Geometry (Record no. 185768)

MARC details
000 -LEADER
fixed length control field 00474nam a2200193Ia 4500
008 - FIXED-LENGTH DATA ELEMENTS--GENERAL INFORMATION
fixed length control field 240823s9999||||xx |||||||||||||| ||und||
082 ## - DEWEY DECIMAL CLASSIFICATION NUMBER
-- 604.2 P8
100 ## - MAIN ENTRY--PERSONAL NAME
Personal name Bhatt N D
245 #0 - TITLE STATEMENT
Title Engineering Drawing Plane and Soil Geometry
250 ## - EDITION STATEMENT
Edition statement 49th
260 ## - PUBLICATION, DISTRIBUTION, ETC. (IMPRINT)
Date of publication, distribution, etc 2008
Name of publisher, distributor, etc Charotar Publishing
500 ## - GENERAL NOTE
General note YES
650 ## - SUBJECT ADDED ENTRY--TOPICAL TERM
Topical term or geographic name as entry element Engineering Drawing
700 ## - ADDED ENTRY--PERSONAL NAME
Personal name Panchal V M
942 ## - ADDED ENTRY ELEMENTS (KOHA)
Item type Books
Holdings
Withdrawn status Lost status Damaged status Permanent location Current location Shelving location Date acquired Cost, normal purchase price Full call number Barcode Date last seen Koha item type
      CENTRAL LIBRARY, NOORUL ISLAM CENTRE FOR HIGHER EDUCATION CENTRAL LIBRARY, NOORUL ISLAM CENTRE FOR HIGHER EDUCATION   10/13/2010 150.00 604.2 P8 38458 08/23/2024 Books
Visitors:
Copyright © 2024 Central Library NICHE.  All rights reserved.